| 000 | 00630nam a2200229Ia 4500 | ||
|---|---|---|---|
| 001 | 16054 | ||
| 003 | GE_BSU | ||
| 008 | 181216s||||||||xx |||||||||||||| ||und|| | ||
| 040 | _cGE_BSU | ||
| 080 | _a821.353.1-1 | ||
| 100 | _aჯინჯიხაძე, ჯემალ | ||
| 245 | _aტკივილი | ||
| 245 | _bლექსები | ||
| 245 | _cრედ. ოთარ მიქიაშვილი | ||
| 260 | _aთბილისი | ||
| 260 | _bეგრისი | ||
| 260 | _c1996 | ||
| 300 | _a272 გვ.21 სმ | ||
| 653 | _aლექსები | ||
| 653 | _aტკივილი | ||
| 942 | _cBK | ||
| 999 |
_c49144 _d49144 |
||